| 000 | 01180nam a2200337 i 4500 | ||
|---|---|---|---|
| 001 | 000008937 | ||
| 003 | DO-SdBPM | ||
| 005 | 20260212055639.0 | ||
| 007 | ta | ||
| 008 | 090921s1999 dr 000 0 spa d | ||
| 040 |
_aDO-SdBPM _bspa _cBPMSU _erda _d |
||
| 041 | _aspa | ||
| 082 | 4 |
_aRD860.8 _bA634m 1999 _222 |
|
| 245 | 0 | 0 |
_aAntología mayor de la literatura dominicana (siglos XIX-XX) / _cselección, prólogo y notas Manuel Rueda. |
| 264 |
_aSanto Domingo : _bFundación Corripio, _c1999-. |
||
| 300 |
_a4 volúmenes ; _c23 cm. |
||
| 336 |
_atexto _btxt _2rdacontent |
||
| 337 |
_asin mediación _bn _2rdamedia |
||
| 338 |
_avolumen _bnc _2rdacarrier |
||
| 440 | _a0 | ||
| 490 | 0 | _aPrisma | |
| 500 | _aIncluye referencias bibliográficas y notas al pie de las páginas. | ||
| 505 | 0 | _gv.1 : Poesía I -- v.2 : Poesía II -- v.3 : Prosa I -- v.4 : Prosa II | |
| 590 | _aInventariado, 2026/ VM | ||
| 650 | 7 |
_aPoesía dominicana _ySiglo XIX |
|
| 650 | z |
_aDominican literature _v20th century |
|
| 651 | 7 |
_aLiteratura dominicana _ySiglo XX |
|
| 700 | 1 |
_aRueda, Manuel, _d1921-1999 _ecompilador _4comp. |
|
| 910 | _aVMateo V. Control de calidad BPMSU | ||
| 942 |
_2ddc _cBK |
||
| 999 |
_c15683 _d15683 |
||